000 00569nam a22002177a 4500
003 UA-OsUOA
001 118895
007 ta
008 20160926b un ||||| |||| 00| 0 ukr d
100 _aДруца Я.
090 _a908
_bД76
942 _cSA
040 _aUA-OsUOA
_bukr
_cUA-OsUOA
_dUA-OsUOA
245 _aСьомий щорічний "Спортивний ранок" в Острозькій академії
300 _aС.5
955 _a0
041 _aukr
080 _a908
773 0 _w118894
650 7 _a908 Краєзнавство
_2UDC
999 _c405219
_d405219